000
00290nam a2200121Ia 4500
005
20251222144644.0
008
251222s9999||||xx |||||||||||||| ||spa||
082
_a
745.449.44/B26
100
_a
Baschet, Roger
245
0
_a
Les Styles Francais:
264
_b
Plaisir de France
942
_c
LIB
999
_c
16795
_d
16795